[Event "AUTO-ADV-3670"]
[Site "http://www.queenalice.com/game.php?id=1477500"]
[Date "2017.5.10"]
[Round "2"]
[White "renato"]
[Black "Mugo"]
[Result "1/2-1/2"]
[WhiteElo "1955"]
[BlackElo "2038"]

1. e4 e5 2. Nf3 Nc6 3. b3 Nf6 4. d3 Bc5 5. h3 d6 6. Bb2 h6 7. Be2 O-O 8. c3 a6
9. b4 Ba7 10. a4 b5 11. axb5 axb5 12. d4 exd4 13. Nxd4 Nxd4 14. cxd4 Nxe4 15.
O-O Qg5 16. Bg4 Bxg4 17. Qxg4 Qxg4 18. hxg4 Rfe8 19. Re1 Nf6 20. Rxe8+ Rxe8 21.
f3 Re2 22. Bc3 Bb6 23. Na3 Nd5 24. Nxb5 Nxc3 25. Nxc3 Rc2 26. Nb5 Rc4 27. Rb1
Bxd4+ 28. Nxd4 Rxd4 29. b5 Rd5 30. Rb2 Re5 31. b6 cxb6 32. Rxb6 d5 33. Rb5 g5
34. Kh2 f6 35. g3 d4 36. Rb8+ Kf7 37. Rd8 Re3 38. Rxd4 Rxf3 39. Kg2 Rc3 40. Re4
Kg6 41. Rd4 h5 42. gxh5+ Kxh5 43. Re4 f5 44. Rd4 g4 45. Rd2 Kg5 46. Kf2 Rf3+ 47.
Kg2 f4 48. Rd5+ Kf6 49. gxf4 Rxf4 50. Kg3 Rf5 51. Rd4 Rg5 1/2-1/2

[Event "AUTO-ADV-3670"]
[Site "http://www.queenalice.com/game.php?id=1477501"]
[Date "2017.5.10"]
[Round "2"]
[White "Mugo"]
[Black "rodrigoma"]
[Result "1-0"]
[WhiteElo "2002"]
[BlackElo "2009"]

1. e4 c5 2. Nf3 d6 3. Bc4 e6 4. Nc3 a6 5. d3 Nc6 6. a3 Be7 7. O-O b5 8. Bb3 Nf6
9. h3 O-O 10. Be3 e5 11. a4 Bb7 12. axb5 Nd4 13. bxa6 Bxa6 14. Bd5 Ra7 15. Bxd4
cxd4 16. Nb5 Nxd5 17. Nxa7 Qb6 18. exd5 Bb7 19. b3 Bxd5 20. Qd2 Ra8 21. Qa5 Qxa5
22. Rxa5 Bb7 23. Rfa1 e4 24. dxe4 Bxe4 25. Nxd4 g6 26. Nac6 Rxa5 27. Nxe7+ Kf8
28. Nxg6+ hxg6 29. Rxa5 Ke7 30. c4 f5 31. b4 Bd3 32. c5 dxc5 33. Rxc5 Kd6 34.
Rc1 Kd5 35. Nc2 1-0

[Event "AUTO-ADV-3670"]
[Site "http://www.queenalice.com/game.php?id=1477502"]
[Date "2017.5.10"]
[Round "2"]
[White "rodrigoma"]
[Black "Mugo"]
[Result "0-1"]
[WhiteElo "1993"]
[BlackElo "2020"]

1. e4 e5 2. Nf3 Nc6 3. Bb5 d6 4. O-O Bd7 5. c3 a6 6. Bc4 h6 7. b4 Nf6 8. Re1 Be7
9. a3 b5 10. Ba2 a5 11. d4 O-O 12. Nbd2 exd4 13. cxd4 axb4 14. d5 Ne5 15. axb4
Nd3 16. Re3 Nxb4 17. Ba3 Nxa2 18. Rxa2 b4 19. Qb3 bxa3 20. Rxa3 c6 21. h3 c5 22.
Nc4 Rb8 23. Qc2 Qc7 24. Reb3 Rxb3 25. Qxb3 Nxe4 26. Qb6 Qxb6 27. Nxb6 Bf5 28. g4
Bh7 29. Ra7 Bf6 30. Nc4 Rd8 31. Nb6 Bd4 32. Nxd4 cxd4 33. f3 Nc3 34. Nc4 Nxd5
35. Nxd6 Bg6 36. Nc4 Bc2 37. Ne5 d3 38. Nxf7 d2 0-1

[Event "AUTO-MASTER-2627"]
[Site "http://www.queenalice.com/game.php?id=1490257"]
[Date "2017.8.15"]
[Round "1"]
[White "RobertD"]
[Black "Mugo"]
[Result "1-0"]
[WhiteElo "2083"]
[BlackElo "2053"]

1. d4 d5 2. e3 Nf6 3. c4 c6 4. c5 b6 5. b4 bxc5 6. bxc5 Nbd7 7. Nf3 Ne4 8. Bd3
e5 9. O-O exd4 10. exd4 Nef6 11. Re1+ Be7 12. Qe2 h6 13. Bd2 Nb8 14. Ba5 Qd7 15.
Bf5 Ne4 16. Bxd7+ Bxd7 17. Nbd2 Bf5 18. Nxe4 dxe4 19. Rab1 O-O 20. Ne5 f6 21.
Nc4 Re8 22. Ne3 Bg6 23. Qg4 Bh7 24. Nf5 1-0

[Event "AUTO-MASTER-2627"]
[Site "http://www.queenalice.com/game.php?id=1490258"]
[Date "2017.8.15"]
[Round "1"]
[White "Mugo"]
[Black "RobertD"]
[Result "1-0"]
[WhiteElo "2035"]
[BlackElo "2095"]

1. e4 c5 2. Nf3 Nc6 3. g3 b6 4. Bg2 Bb7 5. Nc3 g6 6. d3 Bg7 7. Bd2 e5 8. O-O Nf6
9. a3 O-O 10. Bg5 Nd4 11. Nxe5 h6 12. Bf4 g5 13. Be3 Ne6 14. b4 cxb4 15. axb4
Ne8 16. d4 Bxe5 17. dxe5 N8g7 18. Nd5 Bxd5 19. exd5 1-0

[Event "AUTO-MASTER-2627"]
[Site "http://www.queenalice.com/game.php?id=1490269"]
[Date "2017.8.15"]
[Round "1"]
[White "mvson33"]
[Black "Mugo"]
[Result "0-1"]
[WhiteElo "1697"]
[BlackElo "2038"]

1. Nf3 e6 2. e4 Nc6 3. Bc4 Nf6 4. Nc3 Bc5 5. O-O O-O 6. a3 h6 7. d3 a6 8. h3 Nd4
9. Re1 d6 10. Be3 e5 11. Qd2 Nxf3+ 12. gxf3 Bxh3 13. Bxc5 dxc5 14. Kh2 Bd7 15.
Rh1 Re8 16. Nd5 Nxd5 17. Bxd5 c6 18. Ba2 Be6 19. Bxe6 Rxe6 20. f4 Rg6 21. fxe5
Qh4# 0-1

[Event "AUTO-MASTER-2627"]
[Site "http://www.queenalice.com/game.php?id=1490270"]
[Date "2017.8.15"]
[Round "1"]
[White "Mugo"]
[Black "mvson33"]
[Result "1-0"]
[WhiteElo "2040"]
[BlackElo "1687"]

1. e4 e5 2. Nf3 Nc6 3. Nc3 Nf6 4. Bb5 d6 5. d3 Bd7 6. a3 Be7 7. Be3 O-O 8. h3 a6
9. Ba4 b5 10. Bb3 Na7 11. O-O Nc8 12. Re1 Rb8 13. Nd5 Nb6 14. Nxb6 cxb6 15. Qd2
Rc8 16. c3 Re8 17. Ng5 h6 18. Nf3 Rc6 19. Qc2 Qc7 20. Bd5 Nxd5 21. exd5 Rc5 22.
Bxc5 bxc5 23. c4 bxc4 24. dxc4 Qa7 25. b4 cxb4 26. axb4 Rb8 27. b5 1-0

[Event "AUTO-MASTER-2627"]
[Site "http://www.queenalice.com/game.php?id=1490277"]
[Date "2017.8.15"]
[Round "1"]
[White "Mugo"]
[Black "rmvwoods"]
[Result "0-1"]
[WhiteElo "2009"]
[BlackElo "2173"]

1. e4 c5 2. Nf3 d6 3. d4 cxd4 4. Nxd4 Nf6 5. Nc3 g6 6. Bd2 Bg7 7. h3 O-O 8. Bd3
Nc6 9. Be3 e5 10. Nf3 b6 11. O-O Bb7 12. a3 Re8 13. Bb5 a6 14. Ba4 b5 15. Bb3
Na5 16. Bd5 Nxd5 17. exd5 Nc4 18. b3 Nxe3 19. fxe3 e4 20. Nd4 Re5 21. Nde2 f5
22. b4 Qg5 23. Qd2 Bh6 24. Nf4 Qg3 25. Qf2 Qxf2+ 26. Rxf2 Rc8 27. Nd1 Bxd5 28.
c3 Bb3 29. Rb2 Bxd1 30. Rxd1 Rxc3 31. Rxd6 Rxe3 32. Nd5 Re1+ 33. Kf2 Rc1 34.
Nf6+ Kf7 35. Rxa6 Bg7 36. Nxh7 Bh6 37. Ra7+ Re7 38. Ra6 Rc8 39. Rd2 Bxd2 0-1

[Event "AUTO-MASTER-2627"]
[Site "http://www.queenalice.com/game.php?id=1490278"]
[Date "2017.8.15"]
[Round "1"]
[White "rmvwoods"]
[Black "Mugo"]
[Result "1-0"]
[WhiteElo "2152"]
[BlackElo "2020"]

1. d4 d5 2. c4 c6 3. Nf3 Nf6 4. cxd5 cxd5 5. Nc3 e6 6. Bf4 Bd6 7. Bxd6 Qxd6 8.
e3 a6 9. Be2 Nc6 10. h3 O-O 11. O-O h6 12. Qc2 Bd7 13. Rad1 Nb4 14. Qb3 b5 15.
a3 Nc6 16. Rfe1 Rfc8 17. Qc2 g6 18. Bd3 Ne7 19. Ne5 Be8 20. Qb1 Nd7 21. f4 Nxe5
22. fxe5 Qd8 23. Ne2 Rc7 24. Rc1 Nc6 25. Nf4 b4 26. Nxe6 fxe6 27. Bxg6 Kf8 28.
Rf1+ Kg7 29. Rf6 Bxg6 30. Qxg6+ Kh8 31. Rxc6 Rxc6 32. Qxh6+ Kg8 33. Rg6+ Kf7 34.
Rg7+ Ke8 35. Qh8# 1-0

[Event "Re bansaï"]
[Site "http://www.queenalice.com/game.php?id=1491663"]
[Date "2017.8.25"]
[Round "-"]
[White "Cautor"]
[Black "Mugo"]
[Result "1-0"]
[WhiteElo "1904"]
[BlackElo "2042"]

1. e4 e5 2. Bc4 Nf6 3. d3 Bc5 4. Nf3 d6 5. Bd2 Ng4 6. O-O h6 7. b4 Bb6 8. h3 Nf6
9. Nc3 O-O 10. a4 a6 11. b5 axb5 12. axb5 Rxa1 13. Qxa1 Nbd7 14. Nd5 Nxd5 15.
Bxd5 Nc5 16. d4 exd4 17. Nxd4 Qf6 18. Bc3 Qg6 19. Nf5 Re8 20. Re1 Bxf5 21. exf5
Rxe1+ 22. Qxe1 1-0

[Event "Challenge"]
[Site "http://www.queenalice.com/game.php?id=1506869"]
[Date "2017.12.4"]
[Round "-"]
[White "theblues31"]
[Black "Mugo"]
[Result "0-1"]
[WhiteElo "1289"]
[BlackElo "2000"]

1. e4 e5 2. Nf3 Nc6 3. Nc3 Nf6 4. Bb5 d6 5. Bxc6+ bxc6 6. d4 exd4 7. Nxd4 c5 8.
Nf5 g6 9. e5 Bxf5 10. exf6 Qxf6 11. Qd5 Rb8 12. Ne4 Qe7 13. Qc6+ Bd7 14. Qd5 c6
15. Bg5 cxd5 16. Bxe7 Bxe7 17. Nc3 d4 18. Nd5 Rxb2 19. Nxe7 Kxe7 20. O-O Rxc2
21. f4 Rb8 22. h4 Rbb2 23. Rf3 Rxg2+ 0-1

[Event "1 ère  2018"]
[Site "http://www.queenalice.com/game.php?id=1510391"]
[Date "2018.1.3"]
[Round "-"]
[White "Mugo"]
[Black "Cautor"]
[Result "1-0"]
[WhiteElo "2035"]
[BlackElo "1906"]

1. e4 e5 2. Nf3 d6 3. h3 Nc6 4. Bb5 Nf6 5. d3 Bd7 6. Nc3 a6 7. Ba4 b5 8. Bb3 Na5
9. O-O Bxh3 10. gxh3 Qd7 11. Ng5 Nxb3 12. axb3 h6 13. Nf3 Qxh3 14. Nh2 c6 15.
Qf3 Qe6 16. Qg3 b4 17. Na4 d5 18. Nc5 Bxc5 19. Be3 Bd4 20. Kh1 Bxb2 21. Ra2 Bc3
22. Qxg7 Rh7 23. Qg3 d4 24. Bc1 c5 25. f4 exf4 26. Bxf4 h5 27. Qg5 O-O-O 28.
Qxc5+ Kd7 29. Qa7+ Ke8 30. Rxa6 Qd7 31. Bg5 Qxa7 32. Rxa7 Rd7 33. Ra8+ Rd8 34.
Rxd8+ Kxd8 35. Bxf6+ Kd7 36. Nf3 Rh6 37. Bxd4 h4 38. Bxc3 bxc3 39. Ne5+ Ke6 40.
Nxf7 Rg6 41. Nd8+ Kd7 42. Nb7 Ke6 43. Nc5+ Ke5 44. Na4 Kd4 45. Re1 h3 46. Re2
Ke5 47. Nxc3 Kf4 48. e5 Kf3 49. e6 Rf6 50. e7 Kg3 51. Ne4+ 1-0

[Event "Inter parcours "]
[Site "http://www.queenalice.com/game.php?id=1511580"]
[Date "2018.1.12"]
[Round "1"]
[White "Iceberg"]
[Black "Mugo"]
[Result "0-1"]
[WhiteElo "1364"]
[BlackElo "2018"]

1. d4 d5 2. Nf3 Nf6 3. Ne5 e6 4. a3 Bd6 5. f3 Nc6 6. Bf4 Nh5 7. g3 Nxf4 8. h4
Ng6 9. h5 Ngxe5 10. dxe5 Bxe5 11. f4 Bxb2 12. Ra2 Bf6 13. c3 d4 14. Rd2 e5 15.
e4 exf4 16. g4 Bh4+ 17. Rf2 Bxf2+ 18. Kxf2 g5 19. Bc4 dxc3 20. Bd5 Ne5 21. Qd4
f6 22. Nxc3 c6 23. Ke2 Bxg4+ 24. Kf1 cxd5 25. exd5 Rc8 26. d6 Qa5 27. d7+ Bxd7
28. Ke2 Rxc3 29. Rd1 Bg4+ 30. Ke1 Nf3+ 31. Kf2 Nxd4 32. Rxd4 Rc2+ 33. Kf1 Rc1+
34. Kf2 Qe1+ 35. Kg2 Qg1# 0-1

[Event "AUTO-MASTER-2692"]
[Site "http://www.queenalice.com/game.php?id=1514724"]
[Date "2018.2.4"]
[Round "1"]
[White "CCapivara"]
[Black "Mugo"]
[Result "1-0"]
[WhiteElo "2283"]
[BlackElo "2090"]

1. e4 e5 2. f4 exf4 3. Nf3 g5 4. Bc4 Be7 5. O-O d6 6. d4 f6 7. c3 Nc6 8. Nxg5
fxg5 9. Qh5+ Kd7 10. e5 Qe8 11. Bf7 Qf8 12. e6+ Kd8 13. Nd2 Qh6 14. Qg4 b6 15.
b4 Bb7 16. a4 Bf6 17. Ne4 Nxd4 18. Nxf6 Nxf6 19. Qd1 Nf5 20. c4 Ba6 21. Qd3 Ke7
22. Bb2 Ne3 23. Rfe1 Bxc4 24. Qd4 Bxe6 25. Rxe3 fxe3 26. Qxe3 Kxf7 27. Rf1 Rhe8
28. Qd4 Bf5 29. Rxf5 Re6 30. Qd5 Re8 31. Bxf6 Qxf6 32. Rxf6+ Kxf6 33. h3 Re4 34.
Qb7 c5 35. bxc5 dxc5 36. Qxa7 c4 37. Qxb6+ R8e6 38. Qb4 Re1+ 39. Kh2 Rc1 40.
Qb2+ 1-0

[Event "AUTO-MASTER-2692"]
[Site "http://www.queenalice.com/game.php?id=1514725"]
[Date "2018.2.4"]
[Round "1"]
[White "Mugo"]
[Black "CCapivara"]
[Result "0-1"]
[WhiteElo "2099"]
[BlackElo "2278"]

1. e4 d6 2. Nf3 Nf6 3. Nc3 Bg4 4. Be2 Nbd7 5. d3 e5 6. h3 Bh5 7. Be3 Be7 8. O-O
O-O 9. Qd2 c6 10. a4 a5 11. b3 d5 12. exd5 cxd5 13. d4 e4 14. Ne5 Bb4 15. Rad1
Rc8 16. Bxh5 Nxh5 17. Qe2 Nxe5 18. Qxh5 Rxc3 19. Qxe5 Rxc2 20. Rb1 Qd6 21. Qh5
Rfc8 22. Qg4 g6 23. f3 f5 24. Qg5 R8c3 25. Bf4 Qe7 26. Qxe7 Bxe7 27. Be5 Kf7 28.
Kh2 Bf6 29. Bxf6 Kxf6 30. b4 exf3 31. bxa5 Rxg2+ 32. Kh1 Rcc2 33. Rxf3 Rh2+ 34.
Kg1 Rcg2+ 35. Kf1 Rh1+ 36. Kxg2 Rxb1 37. Re3 Rb4 0-1

[Event "AUTO-MASTER-2692"]
[Site "http://www.queenalice.com/game.php?id=1514734"]
[Date "2018.2.4"]
[Round "1"]
[White "Mugo"]
[Black "bmax"]
[Result "1-0"]
[WhiteElo "2081"]
[BlackElo "2123"]

1. e4 d6 2. Nf3 Nf6 3. Nc3 e5 4. d3 c6 5. Be2 Be7 6. Be3 O-O 7. h3 Re8 8. O-O b5
9. b4 a5 10. a3 Nbd7 11. Na2 d5 12. exd5 Nxd5 13. Bd2 axb4 14. axb4 N7b6 15.
Nxe5 Bf6 16. d4 Bxe5 17. dxe5 Rxe5 18. Re1 Bf5 19. c3 h6 20. Qb3 1-0

[Event "AUTO-MASTER-2692"]
[Site "http://www.queenalice.com/game.php?id=1514735"]
[Date "2018.2.4"]
[Round "1"]
[White "bmax"]
[Black "Mugo"]
[Result "0-1"]
[WhiteElo "2137"]
[BlackElo "2062"]

1. d4 Nf6 2. Bf4 e6 3. Nf3 d5 4. e3 Bd6 5. Bg3 Nc6 6. c3 O-O 7. Bd3 h6 8. Nbd2
a6 9. Ne5 Bxe5 10. dxe5 Nd7 11. Qc2 Ndxe5 12. Be2 Ng6 13. Bd3 Nce5 14. Be2 b5
15. O-O Bb7 16. a4 c6 17. b4 Qe7 18. Nb3 Nd7 0-1

[Event "Challenge"]
[Site "http://www.queenalice.com/game.php?id=1515618"]
[Date "2018.2.11"]
[Round "-"]
[White "Lapoule"]
[Black "Mugo"]
[Result "0-1"]
[WhiteElo "1920"]
[BlackElo "2046"]

1. e4 e5 2. Nf3 Nc6 3. d3 Nf6 4. Nc3 h6 5. d4 exd4 6. Nxd4 Bb4 7. Qd3 Qe7 8. f3
d5 9. Nf5 Bxf5 10. Bd2 dxe4 11. fxe4 Bxe4 12. Nxe4 Nxe4 13. Bxb4 Nxb4 14. Qe2
Rd8 15. Rc1 Nxa2 16. Ra1 Qe6 17. Qc4 Qxc4 18. Bxc4 Nb4 19. Rxa7 Nxc2+ 20. Ke2
Nd6 21. Bd3 Nd4+ 22. Kf2 O-O 23. Ra5 Rfe8 24. Ra4 c5 25. Ra2 N6f5 26. Bxf5 Nxf5
27. b3 Nd4 28. Rb1 b5 29. b4 c4 30. Rc1 Nc6 31. Rb2 Rd3 32. h3 Re4 33. Kg1 c3
34. Rb3 Rc4 35. Kf2 Nxb4 36. Ke2 Rd2+ 37. Ke1 Nd3+ 0-1

[Event "AUTO-ADV-3820"]
[Site "http://www.queenalice.com/game.php?id=1517937"]
[Date "2018.3.1"]
[Round "2"]
[White "Mugo"]
[Black "serrameira"]
[Result "0-1"]
[WhiteElo "2082"]
[BlackElo "2058"]

1. e4 e5 2. Nf3 Nc6 3. Bb5 a6 4. Bxc6 dxc6 5. Nxe5 Qd4 6. Nf3 Qd8 7. d3 Bg4 8.
h3 Bh5 9. Be3 Be7 10. Nbd2 b6 11. O-O Nf6 12. a3 O-O 13. Qc1 Re8 14. b4 a5 15.
Ne5 Qd6 16. Ndc4 Qe6 17. Bf4 Nxe4 0-1

[Event "AUTO-ADV-3820"]
[Site "http://www.queenalice.com/game.php?id=1517938"]
[Date "2018.3.1"]
[Round "2"]
[White "serrameira"]
[Black "Mugo"]
[Result "1-0"]
[WhiteElo "2075"]
[BlackElo "2065"]

1. e4 e5 2. Nf3 d6 3. d4 exd4 4. Nxd4 Nf6 5. Bd3 Be7 6. O-O O-O 7. Nc3 Bg4 8.
Nf3 Nc6 9. h3 Bh5 10. Bc4 Ne5 11. Be2 Bg6 12. Bd3 Qd7 13. Re1 Nxf3+ 14. Qxf3
Rfe8 15. Bg5 h6 16. Bd2 a6 17. e5 1-0